000 00348nam a2200145Ia 4500
008 090124s9999 xx 000 0 und d
082 _b300116
245 _a अध:पात
250 _a1
260 _bदातार गो. ना.
_c1970
300 _a642
630 _a अध:पात
730 _a अध:पात
942 _cBOOK
999 _c189672
_d189672